Economic theory of growth and development / (Record no. 151975)

MARC details
000 -LEADER
fixed length control field 00665nam a22001937a 4500
005 - DATE AND TIME OF LATEST TRANSACTION
control field 20180510104313.0
010 ## - LCCN (DPL NO)
LC control number ENG-122967
020 ## - INTERNATIONAL STANDARD BOOK NUMBER
International Standard Book Number 9789383096343
Terms of availability 1650.00
035 ## - SYSTEM CONTROL NUMBER
System control number EN-106499
037 ## - SOURCE OF ACQUISITION
Source of stock number/acquisition DBAD/PUB
082 ## - DEWEY DECIMAL CLASSIFICATION NUMBER
Classification number 338.9
100 ## - MAIN ENTRY--PERSONAL NAME
Personal name Mishra, Pavan
245 ## - TITLE STATEMENT
Title Economic theory of growth and development /
Statement of responsibility, etc by Pavan Mishra
260 ## - PUBLICATION, DISTRIBUTION, ETC. (IMPRINT)
Place of publication, distribution, etc New Delhi
Name of publisher, distributor, etc Horizon Press
Date of publication, distribution, etc 2017
270 ## - ADDRESS
Address 102, 1st Floor, Satyam House, 4327/3, Ansari Road, Darya Ganj,
City New Delhi
Postal code 110002
Telephone number 011-45652440
Electronic mail address www.horizonpress.com
300 ## - PHYSICAL DESCRIPTION
Extent viii, 288p.
Dimensions 22cm.(Hb)
Other physical details ill.
500 ## - GENERAL NOTE
General note It include bibliography and index
942 ## - ADDED ENTRY ELEMENTS (KOHA)
Source of classification or shelving scheme Dewey Decimal Classification
Item type English Books
Call number suffix MIS
Classification part 338.9
Holdings
Withdrawn status Lost status Not for loan Collection code Home library Current library Date acquired Source of acquisition Cost, normal purchase price Full call number Barcode Copy number Cost, replacement price Koha item type
    Not For Loan Non-fiction D.B.Act.Division Central Library 10/05/2018 DBAD/PUB 1650.00 338.9 MIS EN-106499 1 1650.00 English Books

© Delhi Public Library
Hit Counter
free hit counter